000 00656nam a2200229Ia 4500
003 OSt
005 20221007071100.0
006 a|||||r|||| 00| 0
007 ta
008 221006b |||||||| |||| 00| 0 eng d
024 _a22,123
037 _cTextual
040 _aFLL
_cFLL
_beng
041 _2eng
_aeng
082 _aZ2368:922, E4
100 _aHumphreys R. Co.
_9688104
245 0 _aCustomary law of the hoshiapur district
260 _aLahore
_bThe Superintendent, Government Printing ,Punjab Pakistan
_c1914
300 _av,291p
_ccm.
942 _hZ2368:922, E4
_cTEXL
_2CC
999 _c1142398
_d1142398